| 000 | 00000nas 2200000za 4500 |
| 001 | 9.851847 |
| 003 | CaOODSP |
| 005 | 20221107154441 |
| 007 | cr ||||||||||| |
| 008 | 180214d19471947oncar p oss f0###a0eng|d |
| 022 | |y0825-415X |
| 040 | |aCaOODSP|beng |
| 043 | |an-cn--- |
| 086 | 1 |aCS34-205E-PDF |
| 245 | 04|aThe cotton textile industries in Canada |h[electronic resource]. |
| 260 | |aOttawa : |bDominion Bureau of Statistics, General Manufactures Section, |c[1949] |
| 310 | |aAnnual |
| 362 | 1 |aBegan and ceased with 1947. |
| 500 | |aDigitized edition from print [produced by Statistics Canada]. |
| 692 | 07|2gccst|aTextile industry |
| 710 | 1 |aCanada. |bDominion Bureau of Statistics. |bGeneral Manufactures Division. |
| 780 | 00|tReport on the cotton textile industry in Canada |w(CaOODSP)9.851844 |
| 785 | 00|tThe cotton textile industries |w(CaOODSP)9.851855 |